Grammaire copte : avec bibliographie, chrestomathie et vocabulaire /

محفوظ في:

المؤلف الرئيسي: Mallon, Alexis, 1875-1934.

التنسيق: كتاب

اللغة: French
Coptic

منشور في: Beyrouth : Imprimerie Catholique, 1907.

الطبعة: 2e ed. rev. et augm.

الموضوعات:

الوسوم: إضافة وسم

لا توجد وسوم, كن أول من يضع وسما على هذه التسجيلة!

رقم الطلب: PJ2033 M25 1907

LEADER 00686cam a2200217Ma 4500
001 ocn954239401
003 OCoLC
005 20240222003915.0
008 920323s1907 le 000 0 fre d
041 0 |a fre  |a cop 
050 1 4 |a PJ2033  |b M25 1907 
100 1 |a Mallon, Alexis,  |d 1875-1934. 
245 1 0 |a Grammaire copte :  |b avec bibliographie, chrestomathie et vocabulaire /  |c par Alexis Mallon, S.J. 
250 |a 2e ed. rev. et augm. 
264 1 |a Beyrouth :  |b Imprimerie Catholique,  |c 1907. 
300 |a xv, 193 pages ;  |c 22 cm 
336 |a text  |b txt  |2 rdacontent 
337 |a unmediated  |b n  |2 rdamedia 
338 |a volume  |b nc  |2 rdacarrier 
650 0 |a Coptic language  |x Grammar. 
999 |c 57033  |d 57033